000 010140000a22002170004500
020 _a0-7171-1297-7
082 0 4 _aG 262.02 S84m
100 1 _aSullivan, Francis A.
245 1 0 _aMagisterium : Teaching authority in the Catholic church / Francis A. Sullivan
260 _aDublin, Ireland : Gill and Macmillan
300 _a234 páginas
500 _aIncluye índice (p. 233-234)
501 _aRústico
505 0 0 _aLa infalibilidad del pueblo de Dios - La base bíblica y histórica de la autoridad magisterial de los obispos - Los portadores de la oficina de la enseñanza pastoral - La infalibilidad del magisterio en la definición de los dogmas de la fe - El ejercicio no definitiva de la autoridad de enseñanza papal y conciliar - El magisterio y el papel de los teólogos en la iglesia
650 1 4 _aEclesiología \ Iglesia - Enseñanza Bíblica
001 19201
942 _cBK
999 _c45572
_d45572
336 _atexto
_btxt
_2rdacontent
337 _2rdamedia
_asin mediación
_bn
338 _2rdacarrier
_avolumen
_bnc